[Event "4NCL Division 2c"]
[Site "Barcelo Hotel, Hinkley Island "]
[Date "2012.04.01"]
[Round "8.43"]
[White "Wittmann, Jochen"]
[Black "Cooksey, Paul S"]
[Result "0-1"]
[WhiteElo "2216"]
[BlackElo "2273"]
[PlyCount "68"]
[EventDate "2012.04.01"]

1. f4 d5 2. Nf3 g6 3. g3 Bg7 4. Bg2 e6 5. d3 Ne7 6. e4 dxe4 7. dxe4 Qxd1+ 8.
Kxd1 b6 9. e5 Bb7 10. Ne1 Nbc6 11. c3 g5 12. Nd2 O-O-O 13. Kc2 gxf4 14. gxf4
Bh6 15. Rf1 Rhg8 16. Bh1 Ba6 17. c4 Nd4+ 18. Kc3 Bxf4 19. Nd3 Ne2+ 20. Kc2 Rxd3
21. Kxd3 Nxc1+ 22. Raxc1 Rd8+ 23. Kc2 Bxd2 24. Rcd1 Bg5 25. Rxf7 Rxd1 26. Kxd1
h6 27. b3 Ng6 28. Ke1 Bb7 29. Rg7 Bxh1 30. Rxg6 Be4 31. Rg8+ Kd7 32. Rg7+ Kc6
33. b4 Bd3 34. b5+ Kb7 0-1

[Event "4NCL Division 2c"]
[Site "Barcelo Hotel, Hinkley Island "]
[Date "2012.04.01"]
[Round "8.44"]
[White "Hansen, Hans-Peter"]
[Black "Haria, Ravi"]
[Result "1/2-1/2"]
[WhiteElo "2215"]
[BlackElo "2060"]
[PlyCount "38"]
[EventDate "2012.04.01"]

1. c4 e5 2. Nc3 Bb4 3. Nd5 Be7 4. d4 d6 5. g3 Nf6 6. Bg2 O-O 7. Nf3 Nxd5 8.
cxd5 e4 9. Ng1 f5 10. f3 exf3 11. exf3 Nd7 12. Ne2 Nb6 13. Nc3 Bf6 14. O-O Qe7
15. Qd3 Bd7 16. Bd2 Qf7 17. f4 g6 18. Be3 Rfe8 19. Bf2 Re7 1/2-1/2

[Event "4NCL Division 2c"]
[Site "Barcelo Hotel, Hinkley Island "]
[Date "2012.04.01"]
[Round "8.45"]
[White "Guthrie, David W"]
[Black "Farrand, Tom"]
[Result "1/2-1/2"]
[WhiteElo "2175"]
[BlackElo "2212"]
[PlyCount "115"]
[EventDate "2012.04.01"]

1. d4 f5 2. Nf3 e6 3. g3 Be7 4. Bg2 Nf6 5. O-O O-O 6. c4 d6 7. Nc3 a5 8. Qc2
Nc6 9. e4 fxe4 10. Nxe4 e5 11. dxe5 dxe5 12. Nfg5 Nxe4 13. Nxe4 Bg4 14. Be3 Nd4
15. Bxd4 exd4 16. Qd3 Qd7 17. Nd2 Kh8 18. Be4 Bb4 19. Nf3 Rae8 20. Ng5 Bf5 21.
Bxf5 Qxf5 22. Qxf5 Rxf5 23. Nh3 Bd6 24. Rfe1 Rff8 25. Kf1 h6 26. Rxe8 Rxe8 27.
Re1 Rd8 28. Rd1 Be5 29. b3 a4 30. Ke2 axb3 31. axb3 Kg8 32. Kd3 Kf7 33. Re1 Bf6
34. Nf4 Ra8 35. c5 c6 36. Re2 g5 37. Ne6 Ra1 38. Re4 Rd1+ 39. Ke2 Rc1 40. Nxd4
Rxc5 41. g4 Rc3 42. Nf5 Rxb3 43. Nxh6+ Kg6 44. Re6 Kxh6 45. Rxf6+ Kg7 46. Rf5
Rb5 47. Rxb5 cxb5 48. Kd3 Kf6 49. Kc3 Ke5 50. Kb4 Kf4 51. h3 Kf3 52. Kxb5 Kxf2
53. h4 gxh4 54. g5 h3 55. g6 h2 56. g7 h1=Q 57. g8=Q Qc6+ 58. Kb4 1/2-1/2

[Event "4NCL Division 2c"]
[Site "Barcelo Hotel, Hinkley Island "]
[Date "2012.04.01"]
[Round "8.46"]
[White "Coates, Kenneth G"]
[Black "Mackenzie, Colin"]
[Result "1/2-1/2"]
[WhiteElo "2194"]
[BlackElo "2096"]
[PlyCount "61"]
[EventDate "2012.04.01"]

1. Nf3 e6 2. d4 Nf6 3. Bf4 b6 4. e3 Bb7 5. Bd3 Be7 6. h3 O-O 7. O-O c5 8. c3
Ba6 9. Re1 Bxd3 10. Qxd3 d5 11. Nbd2 Nc6 12. Rad1 cxd4 13. exd4 Nh5 14. Bh2 Bd6
15. Bxd6 Qxd6 16. Ne5 Nf6 17. f4 a6 18. a3 b5 19. b4 Nd7 20. Nb3 Nb6 21. Nc5
Nc4 22. Nxc4 dxc4 23. Qf3 Ne7 24. Re5 Ng6 25. Re4 Qd5 26. Re3 Qxf3 27. Rxf3 a5
28. d5 axb4 29. axb4 exd5 30. Rxd5 Rfd8 31. Rxd8+ 1/2-1/2

[Event "4NCL Division 2c"]
[Site "Barcelo Hotel, Hinkley Island "]
[Date "2012.04.01"]
[Round "8.47"]
[White "Stevenson, James AB"]
[Black "Tavares, Shawn P"]
[Result "1/2-1/2"]
[WhiteElo "2080"]
[BlackElo "2184"]
[PlyCount "99"]
[EventDate "2012.04.01"]

1. e4 e6 2. d4 d5 3. Nc3 Nc6 4. Nf3 Nf6 5. exd5 exd5 6. Bb5 a6 7. Bxc6+ bxc6 8.
Bf4 Bd6 9. Bxd6 cxd6 10. O-O O-O 11. Re1 h6 12. Qd3 Bg4 13. Ne2 Qb6 14. b3 Rfe8
15. c3 Ne4 16. Ng3 Re6 17. Re3 Rae8 18. Rae1 Qb5 19. c4 Qa5 20. cxd5 cxd5 21.
a4 Bxf3 22. gxf3 Ng5 23. Rxe6 fxe6 24. Re3 Rc8 25. Kg2 e5 26. dxe5 dxe5 27.
Rxe5 Rd8 28. Nf5 Qb6 29. Rxd5 Rxd5 30. Qxd5+ Kh7 31. Nd4 Qg6 32. Qf5 Qxf5 33.
Nxf5 Kg6 34. Nd4 Kf6 35. f4 Ne4 36. Kf3 Nc5 37. Ke3 a5 38. f3 g5 39. h3 Kg6 40.
fxg5 hxg5 41. f4 Kf6 42. fxg5+ Kxg5 43. Kf3 Kf6 44. Kf4 Nd3+ 45. Ke4 Nb4 46. h4
Ke7 47. Ke5 Kd7 48. h5 Nd3+ 49. Kf6 Nf2 50. Kf5 1/2-1/2

[Event "4NCL Division 2c"]
[Site "Barcelo Hotel, Hinckley Island"]
[Date "2012.05.05"]
[Round "9.11"]
[White "Cooper, John G"]
[Black "Slaby, Jerzy"]
[Result "1-0"]
[WhiteElo "2351"]
[BlackElo "2493"]
[PlyCount "61"]
[EventDate "2012.05.05"]
[WhiteTeam "South Wales Dragons"]
[BlackTeam "Pandora's Box Grantham"]

1. Nf3 g6 2. e4 Bg7 3. d4 c6 4. Be2 d5 5. e5 Bg4 6. O-O Nh6 7. Nbd2 O-O 8. h3
Bxf3 9. Nxf3 c5 10. dxc5 Nc6 11. Bf4 e6 12. Bd3 f6 13. exf6 Qxf6 14. Bg5 Qxb2
15. Rb1 Qc3 16. Rxb7 Nf7 17. Be3 d4 18. Bd2 Qxc5 19. Qe2 Rae8 20. Rfb1 Nd6 21.
Rc7 Qd5 22. Ng5 Ne5 23. Rxa7 Ra8 24. c4 Ndxc4 25. Rxa8 Rxa8 26. Be4 Qd8 27.
Bxa8 Qxa8 28. Bb4 d3 29. Qe4 Qxe4 30. Nxe4 Nc6 31. Be1 1-0

[Event "4NCL Division 2c"]
[Site "Barcelo Hotel, Hinckley Island"]
[Date "2012.05.05"]
[Round "9.12"]
[White "Crouch, Colin S"]
[Black "Zeidler, Sven P"]
[Result "0-1"]
[WhiteElo "2374"]
[BlackElo "2279"]
[PlyCount "70"]
[EventDate "2012.05.05"]
[WhiteTeam "Pandora's Box Grantham"]
[BlackTeam "South Wales Dragons"]

1. d4 f5 2. g3 Nf6 3. Bg2 g6 4. c4 Bg7 5. Nc3 d6 6. d5 O-O 7. Nh3 Na6 8. Nf4 e5
9. dxe6 c6 10. h4 Ng4 11. e4 d5 12. h5 g5 13. exf5 Nh6 14. Nh3 Rxf5 15. O-O
Bxe6 16. Re1 Nf7 17. Nxd5 Qd7 18. g4 Re5 19. Ne3 Bxg4 20. Nxg4 Rxe1+ 21. Qxe1
Qxg4 22. Qe7 Qd1+ 23. Kh2 Be5+ 24. f4 gxf4 25. Nxf4 Qxh5+ 26. Kg3 Qg5+ 27.
Qxg5+ Nxg5 28. Kg4 Nf7 29. Be3 Bxb2 30. Rg1 Ne5+ 31. Kf5 Rf8+ 32. Ke4 Re8 33.
Kf5 Ng6 34. Bd2 Nh4+ 35. Kg5 Bd4 0-1

[Event "4NCL Division 2c"]
[Site "Barcelo Hotel, Hinckley Island"]
[Date "2012.05.05"]
[Round "9.13"]
[White "Redmond, John P"]
[Black "Burrows, Martin P"]
[Result "1-0"]
[WhiteElo "2246"]
[BlackElo "2152"]
[PlyCount "163"]
[EventDate "2012.05.05"]
[WhiteTeam "South Wales Dragons"]
[BlackTeam "Pandora's Box Grantham"]

1. c4 Nf6 2. g3 e6 3. Bg2 d5 4. Nf3 dxc4 5. Qa4+ Nbd7 6. Qxc4 c5 7. Qc2 Be7 8.
O-O O-O 9. Nc3 a6 10. a4 Qc7 11. d3 Rb8 12. a5 Bd6 13. Nd2 b5 14. axb6 Nxb6 15.
Nde4 Nbd5 16. Nxd5 Nxd5 17. Nxd6 Qxd6 18. Bd2 Rb5 19. Rfc1 Bb7 20. Ra5 Rc8 21.
b4 Nxb4 22. Bxb4 Rxb4 23. Bxb7 Rxb7 24. Qc4 Rb5 25. Rxb5 axb5 26. Qxb5 h6 27.
Qc4 e5 28. Kg2 Qc6+ 29. f3 Qd6 30. Rb1 Qc6 31. Kf2 Qd7 32. Kg2 Qc6 33. Ra1 Qb6
34. Ra2 Qb7 35. Rc2 Qd7 36. Rb2 Qc6 37. Rc2 Qd6 38. Ra2 Qb6 39. Ra6 Qb2 40. Ra2
Qb6 41. Kf2 Qb7 42. Ra5 Qb6 43. Ra6 Qb7 44. Ra4 Qd7 45. Qg4 Qxg4 46. Rxg4 Ra8
47. Rc4 Ra5 48. Ke3 f6 49. h4 Kf7 50. h5 f5 51. Rc2 g6 52. hxg6+ Kxg6 53. Rb2
Kg5 54. f4+ exf4+ 55. gxf4+ Kg4 56. Rb8 Ra1 57. Rg8+ Kh4 58. Rg6 h5 59. Rg5 Rc1
60. Kd2 Rf1 61. Ke3 Rc1 62. Rxf5 c4 63. dxc4 Rxc4 64. Kf3 Rc1 65. Rg5 Rf1+ 66.
Ke4 Ra1 67. e3 Ra4+ 68. Kf3 Ra1 69. Rb5 Rf1+ 70. Ke4 Re1 71. Rg5 Ra1 72. Rg8
Ra4+ 73. Kf3 Ra1 74. f5 Kh3 75. e4 h4 76. e5 Ra3+ 77. Ke4 Ra4+ 78. Kd5 Ra5+ 79.
Ke6 Ra6+ 80. Kf7 Ra7+ 81. Kf6 Kh2 82. e6 1-0

[Event "4NCL Division 2c"]
[Site "Barcelo Hotel, Hinckley Island"]
[Date "2012.05.05"]
[Round "9.14"]
[White "Ross, Chris N"]
[Black "James, David J"]
[Result "1-0"]
[WhiteElo "2230"]
[BlackElo "2133"]
[PlyCount "153"]
[EventDate "2012.05.05"]
[WhiteTeam "Pandora's Box Grantham"]
[BlackTeam "South Wales Dragons"]

1. e4 c5 2. Nf3 d6 3. Bb5+ Nd7 4. O-O Ngf6 5. Re1 a6 6. Bxd7+ Bxd7 7. d4 cxd4
8. Qxd4 e5 9. Qd3 h6 10. Nc3 Be7 11. Nd2 Be6 12. Nc4 Qc7 13. Ne3 Qc6 14. Ncd5
Bxd5 15. exd5 Qd7 16. a4 O-O 17. a5 Nh5 18. Qf5 Qxf5 19. Nxf5 Rfe8 20. c4 Bf8
21. b3 Kh7 22. Ba3 Rad8 23. Rad1 g6 24. Ng3 Nxg3 25. hxg3 f5 26. Kf1 g5 27. Ke2
e4 28. Rh1 Kg6 29. Bb2 Rd7 30. Rh3 Rc8 31. Bd4 Rf7 32. Rdh1 Rh7 33. Rh5 Re8 34.
Ke3 Rc8 35. Kd2 Re8 36. R5h3 Rc8 37. Kc3 Rf7 38. Re1 Re8 39. Rhh1 f4 40. g4 Rh7
41. Rh3 Rc7 42. Re2 Rh7 43. Re1 Rc7 44. Kc2 Rh7 45. b4 h5 46. Reh1 h4 47. Re1
Rc7 48. Rb3 Rd7 49. Re2 Rdd8 50. Re1 Bg7 51. Bxg7 Kxg7 52. Rh3 Kf6 53. Kc3 Ke5
54. Rd3 Rf8 55. Rd4 e3 56. Kd3 Rd7 57. Re4+ Kf6 58. fxe3 Kg7 59. exf4 gxf4 60.
Re7+ Rxe7 61. Rxe7+ Kg6 62. Ke2 Rb8 63. Kf3 b6 64. Kxf4 bxa5 65. bxa5 Rc8 66.
Re6+ Kf7 67. Rxd6 Rxc4+ 68. Kg5 Rc5 69. Rxa6 Rxd5+ 70. Kxh4 Kg7 71. g3 Kh7 72.
g5 Kg7 73. Kh5 Rd3 74. Ra7+ Kg8 75. g4 Rd5 76. a6 Rd6 77. g6 1-0

[Event "4NCL Division 2c"]
[Site "Barcelo Hotel, Hinckley Island"]
[Date "2012.05.05"]
[Round "9.15"]
[White "Morris, Charles F"]
[Black "Cumbers, Paul"]
[Result "0-1"]
[WhiteElo "2158"]
[BlackElo "2157"]
[PlyCount "138"]
[EventDate "2012.05.05"]
[WhiteTeam "South Wales Dragons"]
[BlackTeam "Pandora's Box Grantham"]

1. Nf3 Nf6 2. c4 e6 3. g3 a6 4. Bg2 b5 5. Nd4 c6 6. cxb5 axb5 7. Nxb5 cxb5 8.
Bxa8 d5 9. Qb3 Qa5 10. Qc3 Qa6 11. b4 Bd7 12. Qa3 Bd6 13. Nc3 O-O 14. O-O Qxa3
15. Bxa3 Na6 16. Bb7 Nc7 17. e4 Rb8 18. d4 Be7 19. e5 Ng4 20. Ne4 dxe4 21. Bxe4
Nd5 22. Bxd5 exd5 23. Rac1 Kf8 24. Rc7 Ke8 25. Rfc1 Nh6 26. Ra7 Bd8 27. Bb2 Nf5
28. Ra3 Bb6 29. Rd3 g5 30. h3 h5 31. g4 hxg4 32. hxg4 Nh4 33. f3 Ke7 34. Rc2 f5
35. exf6+ Kxf6 36. Kf2 Ng6 37. Bc1 Ne5 38. Rd1 Kg6 39. Kg2 Nc4 40. Re2 Bd8 41.
Rh1 Bf6 42. Rd1 Rc8 43. a3 Nb6 44. Bb2 Rc4 45. Red2 Na4 46. Ba1 Be8 47. Kf2 Kg7
48. Re1 Bf7 49. Re3 Kf8 50. Ke2 Rc1 51. Rd1 Rc4 52. Rd2 Be7 53. Kd1 Bd6 54. Rc2
Bf4 55. Ree2 Bg6 56. Rxc4 dxc4 57. Re6 Bf7 58. Rf6 Ke7 59. Rf5 c3 60. Kc2 Bg6
61. Bxc3 Bxf5+ 62. gxf5 Kf6 63. d5+ Kxf5 64. Bd4 Bc7 65. Kd3 Nb6 66. d6 Bd8 67.
Bxb6 Bxb6 68. a4 bxa4 69. Kc4 Ke6 0-1

[Event "4NCL Division 2c"]
[Site "Barcelo Hotel, Hinckley Island"]
[Date "2012.05.05"]
[Round "9.16"]
[White "Batchelor, Peter J"]
[Black "Jameson, David"]
[Result "1/2-1/2"]
[WhiteElo "2006"]
[BlackElo "2076"]
[PlyCount "88"]
[EventDate "2012.05.05"]
[WhiteTeam "Pandora's Box Grantham"]
[BlackTeam "South Wales Dragons"]

1. d4 Nf6 2. c4 e6 3. Nf3 d5 4. Nc3 Be7 5. Bg5 O-O 6. e3 h6 7. Bh4 b6 8. Bd3
Bb7 9. O-O dxc4 10. Bxc4 Nbd7 11. Qe2 Ne4 12. Bxe7 Nxc3 13. bxc3 Qxe7 14. e4 c5
15. Rfd1 Rfd8 16. Rac1 Rac8 17. Ba6 Bxa6 18. Qxa6 Nf6 19. Qd3 cxd4 20. cxd4 Qb7
21. Nd2 Rd7 22. f3 Rdc7 23. Nb3 Qb8 24. a4 g5 25. Rxc7 Rxc7 26. Qb5 Qc8 27. d5
exd5 28. exd5 Qd7 29. d6 Rc6 30. Qe5 Ne8 31. Qe7 Qxe7 32. dxe7 Rc7 33. Re1 Rd7
34. a5 Kg7 35. axb6 axb6 36. Re4 Kf6 37. Rb4 Rd6 38. Nd4 Ng7 39. Nb5 Rc6 40.
Re4 Re6 41. Nc7 Rxe4 42. fxe4 Kxe7 43. Nd5+ Kd6 44. Nxb6 f5 1/2-1/2

[Event "4NCL Division 2c"]
[Site "Barcelo Hotel, Hinckley Island"]
[Date "2012.05.05"]
[Round "9.17"]
[White "Miles, Richard"]
[Black "McCarthy, Kevin C"]
[Result "1/2-1/2"]
[WhiteElo "2083"]
[BlackElo "1982"]
[PlyCount "36"]
[EventDate "2012.05.05"]
[WhiteTeam "South Wales Dragons"]
[BlackTeam "Pandora's Box Grantham"]

1. d4 e6 2. c4 f5 3. Nf3 Nf6 4. g3 b6 5. Bg2 Bb7 6. O-O Be7 7. Nc3 O-O 8. d5
Na6 9. Nd4 Bc5 10. dxe6 Bxg2 11. Kxg2 Bxd4 12. Qxd4 dxe6 13. Qe5 Qd7 14. b3
Qc6+ 15. Kg1 Ng4 16. Qb5 Qb7 17. f3 c6 18. Qa4 Nf6 1/2-1/2

[Event "4NCL Division 2c"]
[Site "Barcelo Hotel, Hinckley Island"]
[Date "2012.05.05"]
[Round "9.18"]
[White "Maroroa, Sue"]
[Black "Bullen, Alex"]
[Result "1-0"]
[WhiteElo "2026"]
[BlackElo "1779"]
[PlyCount "135"]
[EventDate "2012.05.05"]
[WhiteTeam "Pandora's Box Grantham"]
[BlackTeam "South Wales Dragons"]

1. e4 c6 2. d4 d5 3. e5 Bf5 4. h4 h5 5. c4 e6 6. Nc3 Nd7 7. cxd5 cxd5 8. Bd3
Bxd3 9. Qxd3 Ne7 10. Nf3 Nc6 11. Ng5 Nb6 12. Rh3 Qd7 13. Rf3 Nd8 14. a4 Nc4 15.
Kf1 Na5 16. Qb5 Nac6 17. Be3 Be7 18. Qd3 Bxg5 19. Bxg5 b6 20. Bxd8 Nxd8 21. Nb5
Nb7 22. Rc1 Rc8 23. Rxc8+ Qxc8 24. Qc3 O-O 25. Qxc8 Rxc8 26. Rc3 Rxc3 27. bxc3
a6 28. Nc7 b5 29. axb5 axb5 30. Nxb5 Kf8 31. Ke2 Ke7 32. Ke3 f6 33. Kf4 g6 34.
f3 fxe5+ 35. Kxe5 Na5 36. g4 Nc4+ 37. Kf4 Kf6 38. Nc7 Nd6 39. Ke3 Nc4+ 40. Ke2
Nd6 41. Ke3 Nc4+ 42. Kf2 Nd6 43. Ke2 Nc4 44. Nb5 Kf7 45. Kf2 Kf6 46. Kg2 Ne3+
47. Kg3 e5 48. Nc7 exd4 49. cxd4 Nc2 50. Nxd5+ Kg7 51. gxh5 gxh5 52. Nf4 Nxd4
53. Nxh5+ Kh6 54. Nf6 Kg6 55. Nd5 Kf5 56. Ne3+ Kg6 57. Kg4 Nc6 58. f4 Ne7 59.
h5+ Kf6 60. f5 Ng8 61. Kf4 Ne7 62. Ng4+ Kf7 63. Kg5 Kg8 64. f6 Nd5 65. Ne5 Nc7
66. f7+ Kg7 67. h6+ Kh7 68. Kf5 1-0

[Event "4NCL Division 2c"]
[Site "Barcelo Hotel, Hinckley Island"]
[Date "2012.05.05"]
[Round "9.21"]
[White "Van Kampen, Robin"]
[Black "McMichael, Richard J"]
[Result "1-0"]
[WhiteElo "2568"]
[BlackElo "2266"]
[PlyCount "67"]
[EventDate "2012.05.05"]
[WhiteTeam "Sambuca Sharks"]
[BlackTeam "Kings Head"]

1. e4 e6 2. d4 d5 3. Nc3 Nc6 4. Nf3 Nf6 5. Bd3 dxe4 6. Nxe4 Nb4 7. Nxf6+ gxf6
8. Be2 b6 9. c3 Nd5 10. O-O Bd6 11. Re1 Bb7 12. Ba6 Bxa6 13. Qa4+ Qd7 14. Qxa6
O-O 15. Bh6 Rfd8 16. Qe2 Kh8 17. Rad1 Rg8 18. c4 Nf4 19. Bxf4 Bxf4 20. Qe4 Bh6
21. g3 Rad8 22. Qh4 Rg6 23. d5 e5 24. Rxe5 fxe5 25. Nxe5 Bg5 26. Nxg6+ fxg6 27.
Qxg5 Rf8 28. Re1 Qf7 29. Qe5+ Kg8 30. f4 h5 31. Qe6 Kg7 32. Kg2 Kh6 33. Qxf7
Rxf7 34. Re6 1-0

[Event "4NCL Division 2c"]
[Site "Barcelo Hotel, Hinckley Island"]
[Date "2012.05.05"]
[Round "9.22"]
[White "Kwiatkowski, Feliks J"]
[Black "Rendle, Thomas E"]
[Result "1/2-1/2"]
[WhiteElo "2241"]
[BlackElo "2383"]
[PlyCount "36"]
[EventDate "2012.05.05"]
[WhiteTeam "Kings Head"]
[BlackTeam "Sambuca Sharks"]

1. e4 e6 2. d4 d5 3. Nd2 a6 4. Ngf3 Nf6 5. Bd3 c5 6. e5 Nfd7 7. dxc5 Nc6 8. Qe2
Qc7 9. Rb1 Bxc5 10. Nb3 Ba7 11. Bf4 Bb8 12. O-O Ndxe5 13. Nxe5 Nxe5 14. Bg3 f6
15. Rbc1 Qf7 16. c4 Nxd3 17. Qxd3 Bxg3 18. hxg3 O-O 1/2-1/2

[Event "4NCL Division 2c"]
[Site "Barcelo Hotel, Hinckley Island"]
[Date "2012.05.05"]
[Round "9.24"]
[White "Thomas, Rik H"]
[Black "Roberson, Peter T"]
[Result "1/2-1/2"]
[WhiteElo "2197"]
[BlackElo "2283"]
[PlyCount "34"]
[EventDate "2012.05.05"]
[WhiteTeam "Kings Head"]
[BlackTeam "Sambuca Sharks"]

1. Nf3 c5 2. g3 Nc6 3. Bg2 e5 4. d3 g6 5. c4 Bg7 6. Nc3 Nge7 7. O-O O-O 8. Be3
d6 9. Qc1 Nf5 10. Bg5 f6 11. Bd2 Be6 12. Ne1 Qd7 13. Nc2 Rac8 14. Ne3 Nxe3 15.
Bxe3 Ne7 16. Rd1 b6 17. a4 Nc6 1/2-1/2

[Event "4NCL Division 2c"]
[Site "Barcelo Hotel, Hinckley Island"]
[Date "2012.05.05"]
[Round "9.25"]
[White "Williams, Samuel G"]
[Black "Spivack, Simon SY"]
[Result "1/2-1/2"]
[WhiteElo "2234"]
[BlackElo "2191"]
[PlyCount "39"]
[EventDate "2012.05.05"]
[WhiteTeam "Sambuca Sharks"]
[BlackTeam "Kings Head"]

1. d4 Nf6 2. c4 g6 3. Nc3 Bg7 4. e4 d6 5. Nf3 O-O 6. Be2 e5 7. O-O Nc6 8. d5
Ne7 9. b4 a5 10. Ba3 axb4 11. Bxb4 b6 12. a4 Ne8 13. a5 c5 14. dxc6 Nxc6 15.
Qd5 Bb7 16. axb6 Rxa1 17. Rxa1 Qxb6 18. Ba5 Qa7 19. Nb5 Qb8 20. Qd3 1/2-1/2

[Event "4NCL Division 2c"]
[Site "Barcelo Hotel, Hinckley Island"]
[Date "2012.05.05"]
[Round "9.26"]
[White "Mackenzie, Colin"]
[Black "Kafka, Graeme"]
[Result "1-0"]
[WhiteElo "2096"]
[BlackElo "2073"]
[PlyCount "79"]
[EventDate "2012.05.05"]
[WhiteTeam "Kings Head"]
[BlackTeam "Sambuca Sharks"]

1. c4 c5 2. g3 Nc6 3. Bg2 g6 4. Nc3 Bg7 5. a3 e5 6. d3 Nge7 7. Ne4 d6 8. Bg5
O-O 9. Nf6+ Kh8 10. Qd2 Nd4 11. Rb1 Nb3 12. Qc3 Qb6 13. e4 h6 14. h4 Be6 15.
Bh3 Ng8 16. Nxg8 Kxg8 17. Bxe6 hxg5 18. Bd5 gxh4 19. Rxh4 Bf6 20. Rh1 Kg7 21.
Nf3 Rh8 22. Ke2 a5 23. Rbg1 Nd4+ 24. Nxd4 cxd4 25. Qd2 Qc7 26. g4 Bh4 27. Rh3
Qe7 28. Rf3 Bg5 29. Qc2 Bf4 30. Qa4 Qe8 31. Qb3 Rb8 32. Qb6 Qd8 33. Qb5 Qc7 34.
Rb1 Qc5 35. Qd7 Rhf8 36. b4 axb4 37. Rxb4 b6 38. g5 Rbd8 39. Qe7 Rb8 40. Qf6+
1-0

[Event "4NCL Division 2c"]
[Site "Barcelo Hotel, Hinckley Island"]
[Date "2012.05.05"]
[Round "9.31"]
[White "Cooksey, Paul S"]
[Black "Swanson, Stephen"]
[Result "1/2-1/2"]
[WhiteElo "2273"]
[BlackElo "2277"]
[PlyCount "100"]
[EventDate "2012.05.05"]
[WhiteTeam "AMCA Dragons"]
[BlackTeam "Poisoned Pawns"]

1. d4 d6 2. Nf3 g6 3. g3 Bg7 4. c4 e5 5. Nc3 Nc6 6. dxe5 dxe5 7. Qxd8+ Kxd8 8.
Bg5+ Nce7 9. O-O-O+ Bd7 10. Bh3 f5 11. e4 Ke8 12. Rhe1 Bc6 13. Nd5 Bxd5 14.
cxd5 Rd8 15. exf5 gxf5 16. Nxe5 Nf6 17. Bxf6 Bxf6 18. Nc4 Kf7 19. Ne3 Kg6 20.
f4 h5 21. Bg2 Nc8 22. h3 Nd6 23. Bf3 Rhe8 24. g4 Bxb2+ 25. Kxb2 Rxe3 26. gxh5+
Kf6 27. Rxe3 Nc4+ 28. Kb3 Nxe3 29. Rd3 Nf1 30. Bg2 Nh2 31. Rg3 Rh8 32. Rg6+ Kf7
33. Rg5 Kf6 34. Kc4 Re8 35. Kc5 Re1 36. h6 Re7 37. a4 Rh7 38. Rg7 Rxh6 39. Rg8
Rh4 40. Rf8+ Kg6 41. Rg8+ Kf6 42. d6 cxd6+ 43. Kxd6 Rxf4 44. a5 Ra4 45. Bxb7
Rxa5 46. h4 Ra4 47. h5 Rg4 48. Rf8+ Kg5 49. Ke5 f4 50. Rg8+ Kh6 1/2-1/2

[Event "4NCL Division 2c"]
[Site "Barcelo Hotel, Hinckley Island"]
[Date "2012.05.05"]
[Round "9.32"]
[White "Harley, Andrew D"]
[Black "Holland, James P"]
[Result "1/2-1/2"]
[WhiteElo "2221"]
[BlackElo "2199"]
[PlyCount "24"]
[EventDate "2012.05.05"]
[WhiteTeam "Poisoned Pawns"]
[BlackTeam "AMCA Dragons"]

1. e4 e5 2. Nf3 Nc6 3. Bb5 a6 4. Ba4 Nf6 5. O-O Be7 6. d3 d6 7. c3 O-O 8. Nbd2
b5 9. Bc2 Re8 10. Re1 d5 11. Nf1 dxe4 12. dxe4 Qxd1 1/2-1/2

[Event "4NCL Division 2c"]
[Site "Barcelo Hotel, Hinckley Island"]
[Date "2012.05.05"]
[Round "9.33"]
[White "Webb, Richard M"]
[Black "Byway, Paul V"]
[Result "1/2-1/2"]
[WhiteElo "2265"]
[BlackElo "2160"]
[PlyCount "84"]
[EventDate "2012.05.05"]
[WhiteTeam "AMCA Dragons"]
[BlackTeam "Poisoned Pawns"]

1. e4 c5 2. Nf3 e6 3. d4 cxd4 4. Nxd4 Nf6 5. Nc3 Nc6 6. Ndb5 Bb4 7. a3 Bxc3+ 8.
Nxc3 d5 9. exd5 exd5 10. Bd3 O-O 11. O-O Bg4 12. f3 Bh5 13. Bg5 Re8 14. Rb1
Qb6+ 15. Kh1 Ne4 16. Bh4 Nxc3 17. bxc3 Qc5 18. Rxb7 Qxc3 19. Bb5 a6 20. Qxd5
axb5 21. Qxh5 Qc4 22. Qxb5 Qxb5 23. Rxb5 Nd4 24. Rc5 Rxa3 25. Bf2 Ne6 26. Rc4
h6 27. h3 g5 28. Bg3 Rd8 29. Rb1 Kh7 30. Kg1 Rd2 31. Be1 Rd4 32. Rxd4 Nxd4 33.
c4 Ra2 34. Bf2 Ne2+ 35. Kf1 Rc2 36. c5 Nf4 37. Rd1 h5 38. Kg1 h4 39. Kf1 Kg6
40. Kg1 Ne6 41. Be3 Nxc5 42. Bxc5 Rxc5 1/2-1/2

[Event "4NCL Division 2c"]
[Site "Barcelo Hotel, Hinckley Island"]
[Date "2012.05.05"]
[Round "9.34"]
[White "Rosen, Daniel B"]
[Black "Frostick, Clive A"]
[Result "0-1"]
[WhiteElo "2125"]
[BlackElo "2175"]
[PlyCount "78"]
[EventDate "2012.05.05"]
[WhiteTeam "Poisoned Pawns"]
[BlackTeam "AMCA Dragons"]

1. e4 c5 2. Nc3 e6 3. f4 d5 4. Bb5+ Nc6 5. d3 Nge7 6. Nf3 d4 7. Bxc6+ Nxc6 8.
Ne2 Be7 9. O-O b6 10. Ng3 f5 11. Ne5 Nxe5 12. fxe5 g6 13. Bh6 Bb7 14. Qe2 Qd7
15. Bg7 Rg8 16. Bf6 Rf8 17. exf5 exf5 18. Bxe7 Qxe7 19. Qd2 O-O-O 20. Rae1 Rd5
21. e6 Rd6 22. b4 Re8 23. bxc5 bxc5 24. c3 Rxe6 25. Rc1 Kb8 26. cxd4 cxd4 27.
Qb2 Qd7 28. Rc4 Rd8 29. Ne2 Rb6 30. Qd2 Rd6 31. Qf4 Ka8 32. Rfc1 g5 33. Qf2 f4
34. Rc7 Qf5 35. Rb1 Rb6 36. Rxb6 axb6 37. Nxd4 Qxd3 38. Nf3 Qb1+ 39. Ne1 Re8
0-1

[Event "4NCL Division 2c"]
[Site "Barcelo Hotel, Hinckley Island"]
[Date "2012.05.05"]
[Round "9.35"]
[White "Coates, Kenneth G"]
[Black "McEwan, Ken B"]
[Result "1/2-1/2"]
[WhiteElo "2194"]
[BlackElo "2109"]
[PlyCount "86"]
[EventDate "2012.05.05"]
[WhiteTeam "AMCA Dragons"]
[BlackTeam "Poisoned Pawns"]

1. d4 Nf6 2. Nf3 e6 3. Bf4 b6 4. e3 Bb7 5. Bd3 d6 6. Qe2 Nbd7 7. e4 Be7 8. O-O
c5 9. c3 Qc7 10. Nbd2 h6 11. h3 g5 12. Bh2 g4 13. hxg4 Nxg4 14. Bg3 h5 15. Bh4
Bxh4 16. Nxh4 O-O-O 17. f3 Nh6 18. a4 Rdg8 19. a5 b5 20. Bxb5 Rg3 21. Ba6 Nb8
22. Bxb7+ Qxb7 23. f4 Qxb2 24. dxc5 dxc5 25. Qf2 Rxc3 26. Rab1 Qc2 27. Ndf3
Qxe4 28. Qb2 Qb4 29. Qa1 Qa3 30. Qxa3 Rxa3 31. Rb5 Nd7 32. Rfb1 a6 33. Rb7 Rxa5
34. Ne5 Nxe5 35. Rb8+ Kc7 36. Rxh8 Neg4 37. Nf3 c4 38. Nd2 Nf5 39. Nxc4 Rc5 40.
Ne5 Ng3 41. Rh7 Ne2+ 42. Kf1 Ng3+ 43. Kg1 Ne2+ 1/2-1/2

[Event "4NCL Division 2c"]
[Site "Barcelo Hotel, Hinckley Island"]
[Date "2012.05.05"]
[Round "9.36"]
[White "Goodger, Martyn"]
[Black "Dekker, Alain S"]
[Result "1/2-1/2"]
[WhiteElo "2098"]
[BlackElo "2111"]
[PlyCount "80"]
[EventDate "2012.05.05"]
[WhiteTeam "Poisoned Pawns"]
[BlackTeam "AMCA Dragons"]

1. e4 c5 2. c3 d5 3. exd5 Qxd5 4. d4 Nf6 5. Nf3 Bg4 6. Nbd2 e6 7. Bc4 Qd8 8.
Qb3 Qc8 9. Ne5 Bf5 10. Bb5+ Nbd7 11. Ndc4 Be4 12. Bg5 Bc6 13. Bxc6 bxc6 14.
Nxd7 Nxd7 15. Bf4 cxd4 16. cxd4 Qa6 17. O-O Nf6 18. Rac1 Nd5 19. Bg3 Be7 20.
Ne5 Rc8 21. Rc4 f6 22. Nd3 Kf7 23. Rfc1 Rhd8 24. a3 Bd6 25. Qc2 Nb6 26. Rc3
Bxg3 27. hxg3 Rxd4 28. Nb4 Qa4 29. Qxh7 Rd1+ 30. Rxd1 Qxd1+ 31. Kh2 c5 32. Nc2
Nd5 33. Ne3 Qd4 34. Rb3 Qe5 35. Rb7+ Rc7 36. Nc4 Qg5 37. Nd6+ Ke7 38. Rxc7+
Nxc7 39. Nc4 Ne8 40. Qd3 Qh6+ 1/2-1/2

[Event "4NCL Division 2c"]
[Site "Barcelo Hotel, Hinckley Island"]
[Date "2012.05.05"]
[Round "9.37"]
[White "Tavares, Shawn P"]
[Black "McMahon, Paul"]
[Result "1-0"]
[WhiteElo "2184"]
[BlackElo "2029"]
[PlyCount "93"]
[EventDate "2012.05.05"]
[WhiteTeam "AMCA Dragons"]
[BlackTeam "Poisoned Pawns"]

1. d4 Nf6 2. c4 e5 3. d5 Bc5 4. Nc3 d6 5. e4 Ng4 6. Nh3 h6 7. Be2 Qh4 8. O-O
O-O 9. Qd3 f5 10. Qg3 Qxg3 11. hxg3 Nf6 12. Bd3 fxe4 13. Nxe4 Nxe4 14. Bxe4 Bd4
15. Rb1 Nd7 16. Be3 Bxe3 17. fxe3 Nf6 18. Bg6 Bg4 19. b3 Bh5 20. Bf5 Bg4 21.
Bg6 Bd7 22. Rf3 Ng4 23. Rbf1 Rxf3 24. Rxf3 Rf8 25. Bh7+ Kxh7 26. Rxf8 Nxe3 27.
Rf7 Bf5 28. Rxc7 Bb1 29. a4 b6 30. Kf2 Nf5 31. b4 Bd3 32. g4 Nd4 33. g5 h5 34.
c5 bxc5 35. bxc5 Nf5 36. cxd6 Nxd6 37. Rxa7 Bc4 38. Rd7 Ne4+ 39. Ke3 Nc3 40. d6
Be6 41. Ra7 Nd5+ 42. Ke4 Nb6 43. Kxe5 Bc8 44. Nf4 Bg4 45. a5 Nc8 46. Rc7 Kg8
47. d7 1-0